000 00641nam a2200205 i 4500
001 118699
003 ES-MaACL
005 20230906191145.0
007 t|
008 070214s1971 sp r ||||1| spa d
100 1 _aPetit, Henri.
_991506
245 1 0 _aParodontología /
_cpor Henri Petit ; prefacio de A. Marmasse ; versión de E. Padrós de Palacios.
250 _a1ª. ed.
260 _aBarcelona :
_bToray-Masson,
_c1971.
300 _aXVI, 374 p. :
_bil. ;
_c23 cm.
650 4 _aPeriodoncia.
_9166547
700 1 _aMarmasse, A.
_976940
700 0 _aPadrós de Palacios, Eduardo.
_988215
852 _aES-MaACL
_jC-38322
_bR.78500
999 _c118699
_d118699